VIVA VOCE IN EXPERIMENTAL PHARMACOLOGY (Record no. 33182)
[ view plain ]
| 000 -LEADER | |
|---|---|
| fixed length control field | 00343nam a2200133Ia 4500 |
| 008 - FIXED-LENGTH DATA ELEMENTS--GENERAL INFORMATION | |
| fixed length control field | 210215s9999 xx 000 0 und d |
| 020 ## - INTERNATIONAL STANDARD BOOK NUMBER | |
| International Standard Book Number | 9788123925262 |
| 082 ## - DEWEY DECIMAL CLASSIFICATION NUMBER | |
| Classification number | 615.5 |
| Item number | JAG-V |
| 100 ## - MAIN ENTRY--PERSONAL NAME | |
| Personal name | JAGGI AMTESWAR SINGH |
| 245 #0 - TITLE STATEMENT | |
| Title | VIVA VOCE IN EXPERIMENTAL PHARMACOLOGY |
| 260 ## - PUBLICATION, DISTRIBUTION, ETC. | |
| Name of publisher, distributor, etc. | CBS PUBLISERS & DISTRIBUTORS |
| 300 ## - PHYSICAL DESCRIPTION | |
| Extent | 164 |
| 942 ## - ADDED ENTRY ELEMENTS (KOHA) | |
| Koha item type | Book |
| Withdrawn status | Lost status | Damaged status | Not for loan | Collection code | Permanent Location | Current Location | Shelving location | Date acquired | Cost, normal purchase price | Total Checkouts | Total Renewals | Full call number | Barcode | Date last seen | Date last checked out | Price effective from | Koha item type |
|---|---|---|---|---|---|---|---|---|---|---|---|---|---|---|---|---|---|
| Maharishi School of Pharmaceutical Science (Lucknow) | Maharishi School of Pharmaceutical Science (Lucknow) | R10S4 | 2021-02-15 | 250.00 | 1 | 1 | 615.1 JAG-V | SOPH762 | 2024-02-23 | 2024-01-24 | 2021-02-15 | Book | |||||
| Maharishi School of Pharmaceutical Science (Lucknow) | Maharishi School of Pharmaceutical Science (Lucknow) | R10S4 | 2021-02-15 | 250.00 | 615.1 JAG-V | SOPH763 | 2021-02-15 | 2021-02-15 | Book | ||||||||
| Maharishi School of Pharmaceutical Science (Lucknow) | Maharishi School of Pharmaceutical Science (Lucknow) | R10S4 | 2021-02-15 | 250.00 | 1 | 615.1 JAG-V | SOPH764 | 2025-02-11 | 2025-02-11 | 2021-02-15 | Book | ||||||
| Maharishi School of Pharmaceutical Science (Lucknow) | Maharishi School of Pharmaceutical Science (Lucknow) | R10S4 | 2021-02-15 | 250.00 | 1 | 615.1 JAG-V | SOPH765 | 2025-01-16 | 2025-01-16 | 2021-02-15 | Book | ||||||
| Maharishi School of Pharmaceutical Science (Lucknow) | Maharishi School of Pharmaceutical Science (Lucknow) | R1S4 | 2021-02-15 | 250.00 | 615.5 | SOPH766 | 2021-02-15 | 2021-02-15 | Reference Book |